[Event "ODJM C 2024"]
[Site "Willingen GER"]
[Date "2024.05.19"]
[Round "1"]
[White "Staudt, Merle"]
[Black "Lange, Lene Marie"]
[Result "1/2-1/2"]
[Termination "normal"]
[Board "12"]
[WhiteElo "1573"]
[BlackElo "1497"]
[WhiteClock "01:01:35"]
[BlackClock "01:00:17"]
[PlyCount "98"]
[WhiteFideId "34631151"]
[BlackFideId "34639748"]
[EventCountry "GER"]
[EventRounds "9"]
[EventType "swiss"]
[EventDate "2024.05.18"]

1. e4 {[%clk 01:30:57]} {[%emt 00:00:02]} e5 {[%clk 01:30:49]} {[%emt
00:00:11]} 2. d4 {[%clk 01:31:19]} {[%emt 00:00:09]} exd4 {[%clk 01:30:41]}
{[%emt 00:00:37]} 3. Qxd4 {[%clk 01:31:39]} {[%emt 00:00:09]} Nc6 {[%clk
01:30:15]} {[%emt 00:00:57]} 4. Qe3 {[%clk 01:31:56]} {[%emt 00:00:12]} Be7
{[%clk 01:27:24]} {[%emt 00:03:22]} 5. Nc3 {[%clk 01:30:11]} {[%emt 00:02:16]}
d6 {[%clk 01:26:15]} {[%emt 00:01:38]} 6. Bd2 {[%clk 01:28:42]} {[%emt
00:01:59]} Nf6 {[%clk 01:25:32]} {[%emt 00:01:13]} 7. O-O-O {[%clk 01:27:06]}
{[%emt 00:02:07]} Be6 {[%clk 01:23:08]} {[%emt 00:02:54]} 8. Kb1 {[%clk
01:24:58]} {[%emt 00:02:37]} d5 {[%clk 01:21:30]} {[%emt 00:02:09]} 9. Be1
{[%clk 01:22:03]} {[%emt 00:03:25]} d4 {[%clk 01:20:41]} {[%emt 00:01:19]} 10.
Qg3 {[%clk 01:20:12]} {[%emt 00:02:20]} Rg8 {[%clk 01:19:39]} {[%emt 00:01:32]}
11. f3 {[%clk 01:13:26]} {[%emt 00:07:17]} Bd6 {[%clk 01:15:29]} {[%emt
00:04:39]} 12. f4 {[%clk 01:12:08]} {[%emt 00:01:48]} dxc3 {[%clk 01:13:35]}
{[%emt 00:02:25]} 13. e5 {[%clk 01:12:09]} {[%emt 00:00:28]} cxb2 {[%clk
01:11:22]} {[%emt 00:02:43]} 14. exd6 {[%clk 01:12:05]} {[%emt 00:00:35]} cxd6
{[%clk 01:11:16]} {[%emt 00:00:36]} 15. Bc3 {[%clk 01:10:49]} {[%emt 00:01:45]}
Ne4 {[%clk 01:11:03]} {[%emt 00:00:43]} 16. Qe3 {[%clk 01:10:50]} {[%emt
00:00:27]} Nxc3+ {[%clk 01:10:54]} {[%emt 00:00:41]} 17. Qxc3 {[%clk 01:10:55]}
{[%emt 00:00:25]} Qc7 {[%clk 01:10:10]} {[%emt 00:01:14]} 18. Qxb2 {[%clk
01:09:47]} {[%emt 00:01:38]} Rd8 {[%clk 01:08:52]} {[%emt 00:01:49]} 19. Re1
{[%clk 01:09:19]} {[%emt 00:00:57]} Kd7 {[%clk 01:07:51]} {[%emt 00:01:31]} 20.
Nf3 {[%clk 01:08:10]} {[%emt 00:01:38]} Kc8 {[%clk 01:07:23]} {[%emt 00:00:59]}
21. Nd4 {[%clk 01:05:51]} {[%emt 00:02:48]} Nxd4 {[%clk 01:07:10]} {[%emt
00:00:44]} 22. Qxd4 {[%clk 01:06:03]} {[%emt 00:00:17]} Qb6+ {[%clk 01:07:15]}
{[%emt 00:00:27]} 23. Qxb6 {[%clk 01:06:14]} {[%emt 00:00:19]} axb6 {[%clk
01:07:31]} {[%emt 00:00:13]} 24. Bd3 {[%clk 01:05:01]} {[%emt 00:01:44]} h6
{[%clk 01:06:58]} {[%emt 00:01:02]} 25. f5 {[%clk 01:03:23]} {[%emt 00:02:09]}
Bd5 {[%clk 01:06:00]} {[%emt 00:01:27]} 26. Be4 {[%clk 01:02:22]} {[%emt
00:01:31]} Bxe4 {[%clk 01:05:36]} {[%emt 00:00:55]} 27. Rxe4 {[%clk 01:02:41]}
{[%emt 00:00:09]} Rge8 {[%clk 01:04:57]} {[%emt 00:01:09]} 28. Rg4 {[%clk
01:02:26]} {[%emt 00:00:44]} Re5 {[%clk 01:02:47]} {[%emt 00:02:42]} 29. Rf1
{[%clk 01:02:22]} {[%emt 00:00:34]} Rg8 {[%clk 01:02:34]} {[%emt 00:00:43]} 30.
f6 {[%clk 01:01:40]} {[%emt 00:01:12]} Rg5 {[%clk 01:02:28]} {[%emt 00:00:36]}
31. Rc4+ {[%clk 01:00:54]} {[%emt 00:01:17]} Kd7 {[%clk 01:02:33]} {[%emt
00:00:24]} 32. fxg7 {[%clk 01:01:07]} {[%emt 00:00:17]} R8xg7 {[%clk 01:02:47]}
{[%emt 00:00:17]} 33. g3 {[%clk 01:00:51]} {[%emt 00:00:46]} Rb5+ {[%clk
01:02:48]} {[%emt 00:00:29]} 34. Kc1 {[%clk 01:01:02]} {[%emt 00:00:19]} Rgg5
{[%clk 01:02:38]} {[%emt 00:00:39]} 35. Rxf7+ {[%clk 01:01:03]} {[%emt
00:00:30]} Ke8 {[%clk 01:02:37]} {[%emt 00:00:29]} 36. Rxb7 {[%clk 01:01:10]}
{[%emt 00:00:25]} Rbc5 {[%clk 01:02:29]} {[%emt 00:00:38]} 37. Re4+ {[%clk
01:01:07]} {[%emt 00:00:32]} Rge5 {[%clk 00:59:54]} {[%emt 00:03:04]} 38. Rxe5+
{[%clk 01:01:13]} {[%emt 00:00:25]} Rxe5 {[%clk 00:59:59]} {[%emt 00:00:25]}
39. Rxb6 {[%clk 01:01:31]} {[%emt 00:00:12]} Re6 {[%clk 00:59:44]} {[%emt
00:00:45]} 40. a4 {[%clk 01:01:26]} {[%emt 00:00:36]} Kd7 {[%clk 01:00:00]}
{[%emt 00:00:13]} 41. a5 {[%clk 01:01:40]} {[%emt 00:00:17]} Kc7 {[%clk
01:00:11]} {[%emt 00:00:18]} 42. Rb3 {[%clk 01:01:20]} {[%emt 00:00:51]} d5
{[%clk 01:00:01]} {[%emt 00:00:39]} 43. Kd2 {[%clk 01:01:14]} {[%emt 00:00:36]}
Ra6 {[%clk 01:00:03]} {[%emt 00:00:28]} 44. Rb6 {[%clk 01:00:39]} {[%emt
00:01:05]} Rxb6 {[%clk 00:59:45]} {[%emt 00:00:48]} 45. axb6+ {[%clk 01:01:03]}
{[%emt 00:00:07]} Kxb6 {[%clk 01:00:10]} {[%emt 00:00:05]} 46. h4 {[%clk
01:01:23]} {[%emt 00:00:10]} Kc5 {[%clk 01:00:33]} {[%emt 00:00:06]} 47. g4
{[%clk 01:01:32]} {[%emt 00:00:21]} Kd6 {[%clk 01:00:05]} {[%emt 00:00:58]} 48.
Ke3 {[%clk 01:01:23]} {[%emt 00:00:38]} Ke5 {[%clk 01:00:20]} {[%emt 00:00:16]}
49. c3 {[%clk 01:01:35]} {[%emt 00:00:18]} Ke6 {[%clk 01:00:17]} {[%emt
00:00:33]} 1/2-1/2

[Event "ODJM C 2024"]
[Site "Willingen GER"]
[Date "2024.05.19"]
[Round "1"]
[White "Polster, Martha"]
[Black "Wilke, Finja"]
[Result "1/2-1/2"]
[Termination "normal"]
[Board "13"]
[WhiteElo "1281"]
[BlackElo "1055"]
[WhiteClock "01:11:43"]
[BlackClock "00:43:15"]
[PlyCount "47"]
[WhiteFideId "34639845"]
[BlackFideId "16288360"]
[EventCountry "GER"]
[EventRounds "9"]
[EventType "swiss"]
[EventDate "2024.05.18"]

1. e4 {[%clk 01:30:57]} {[%emt 00:00:02]} e5 {[%clk 01:30:52]} {[%emt
00:00:09]} 2. Nf3 {[%clk 01:31:20]} {[%emt 00:00:07]} Nc6 {[%clk 01:31:11]}
{[%emt 00:00:12]} 3. Nc3 {[%clk 01:31:43]} {[%emt 00:00:06]} Nf6 {[%clk
01:31:31]} {[%emt 00:00:09]} 4. d4 {[%clk 01:32:03]} {[%emt 00:00:10]} exd4
{[%clk 01:29:37]} {[%emt 00:02:23]} 5. Nxd4 {[%clk 01:32:29]} {[%emt 00:00:05]}
Bb4 {[%clk 01:27:59]} {[%emt 00:02:08]} 6. Nxc6 {[%clk 01:32:42]} {[%emt
00:00:17]} Bxc3+ {[%clk 01:27:12]} {[%emt 00:01:16]} 7. bxc3 {[%clk 01:32:20]}
{[%emt 00:00:53]} bxc6 {[%clk 01:27:17]} {[%emt 00:00:25]} 8. Bd3 {[%clk
01:32:09]} {[%emt 00:00:40]} O-O {[%clk 01:27:15]} {[%emt 00:00:32]} 9. O-O
{[%clk 01:32:25]} {[%emt 00:00:15]} d5 {[%clk 01:24:42]} {[%emt 00:03:02]} 10.
exd5 {[%clk 01:32:42]} {[%emt 00:00:13]} cxd5 {[%clk 01:23:39]} {[%emt
00:01:33]} 11. h3 {[%clk 01:32:46]} {[%emt 00:00:26]} Be6 {[%clk 01:21:09]}
{[%emt 00:02:59]} 12. Qf3 {[%clk 01:31:40]} {[%emt 00:01:33]} c6 {[%clk
01:15:20]} {[%emt 00:06:23]} 13. Bf4 {[%clk 01:27:20]} {[%emt 00:04:49]} Qd7
{[%clk 01:12:24]} {[%emt 00:03:25]} 14. Rfe1 {[%clk 01:17:54]} {[%emt
00:09:54]} Bf5 {[%clk 01:08:52]} {[%emt 00:04:05]} 15. Re5 {[%clk 01:16:38]}
{[%emt 00:01:40]} Bxd3 {[%clk 01:05:50]} {[%emt 00:03:38]} 16. cxd3 {[%clk
01:16:47]} {[%emt 00:00:22]} c5 {[%clk 01:00:14]} {[%emt 00:06:05]} 17. Rg5
{[%clk 01:14:17]} {[%emt 00:02:59]} h6 {[%clk 00:51:38]} {[%emt 00:09:06]} 18.
Rg3 {[%clk 01:14:19]} {[%emt 00:00:29]} Qf5 {[%clk 00:48:52]} {[%emt 00:03:16]}
19. Rxg7+ {[%clk 01:10:28]} {[%emt 00:04:21]} Kxg7 {[%clk 00:43:38]} {[%emt
00:05:44]} 20. Bxh6+ {[%clk 01:10:48]} {[%emt 00:00:11]} Kg6 {[%clk 00:43:20]}
{[%emt 00:00:47]} 21. Qxf5+ {[%clk 01:10:56]} {[%emt 00:00:23]} Kxf5 {[%clk
00:43:37]} {[%emt 00:00:12]} 22. g4+ {[%clk 01:11:04]} {[%emt 00:00:21]} Kg6
{[%clk 00:42:57]} {[%emt 00:00:51]} 23. Bxf8 {[%clk 01:11:26]} {[%emt
00:00:29]} Rxf8 {[%clk 00:43:15]} {[%emt 00:00:12]} 24. Rb1 {[%clk 01:11:43]}
{[%emt 00:00:13]} 1/2-1/2

[Event "ODJM C 2024"]
[Site "Willingen GER"]
[Date "2024.05.19"]
[Round "1"]
[White "Christoffers, Julia Anne"]
[Black "Lang, Samuel"]
[Result "1/2-1/2"]
[Termination "normal"]
[Board "14"]
[WhiteElo "1531"]
[BlackElo "1268"]
[WhiteClock "00:01:32"]
[BlackClock "00:05:12"]
[PlyCount "94"]
[WhiteFideId "16249895"]
[BlackFideId "34660526"]
[EventCountry "GER"]
[EventRounds "9"]
[EventType "swiss"]
[EventDate "2024.05.18"]

1. d4 {[%clk 01:30:57]} {[%emt 00:00:03]} Nf6 {[%clk 01:30:47]} {[%emt
00:00:14]} 2. Bf4 {[%clk 01:31:16]} {[%emt 00:00:10]} e6 {[%clk 01:30:57]}
{[%emt 00:00:20]} 3. e3 {[%clk 01:31:30]} {[%emt 00:00:15]} d5 {[%clk
01:30:47]} {[%emt 00:00:40]} 4. Nf3 {[%clk 01:31:12]} {[%emt 00:00:48]} c5
{[%clk 01:30:33]} {[%emt 00:00:44]} 5. c3 {[%clk 01:30:42]} {[%emt 00:00:59]}
Bd6 {[%clk 01:29:07]} {[%emt 00:01:56]} 6. Bxd6 {[%clk 01:28:41]} {[%emt
00:02:30]} Qxd6 {[%clk 01:29:30]} {[%emt 00:00:07]} 7. Be2 {[%clk 01:27:43]}
{[%emt 00:01:29]} O-O {[%clk 01:28:58]} {[%emt 00:01:02]} 8. O-O {[%clk
01:27:20]} {[%emt 00:00:53]} Nc6 {[%clk 01:26:41]} {[%emt 00:02:47]} 9. Nbd2
{[%clk 01:24:04]} {[%emt 00:03:45]} e5 {[%clk 01:26:26]} {[%emt 00:00:45]} 10.
dxe5 {[%clk 01:02:20]} {[%emt 00:22:14]} Nxe5 {[%clk 01:26:44]} {[%emt
00:00:12]} 11. Nxe5 {[%clk 01:02:44]} {[%emt 00:00:07]} Qxe5 {[%clk 01:27:08]}
{[%emt 00:00:06]} 12. Nf3 {[%clk 01:03:07]} {[%emt 00:00:07]} Qc7 {[%clk
01:26:53]} {[%emt 00:00:45]} 13. Qc2 {[%clk 01:03:05]} {[%emt 00:00:32]} Bg4
{[%clk 01:26:13]} {[%emt 00:01:09]} 14. Rad1 {[%clk 01:01:06]} {[%emt
00:02:28]} Rad8 {[%clk 01:26:17]} {[%emt 00:00:26]} 15. Rd2 {[%clk 00:59:15]}
{[%emt 00:02:22]} Ne4 {[%clk 01:19:30]} {[%emt 00:07:17]} 16. Rdd1 {[%clk
00:54:08]} {[%emt 00:05:37]} Rfe8 {[%clk 01:12:03]} {[%emt 00:07:57]} 17. c4
{[%clk 00:48:38]} {[%emt 00:06:00]} dxc4 {[%clk 01:08:09]} {[%emt 00:04:24]}
18. Qxc4 {[%clk 00:48:58]} {[%emt 00:00:09]} Bxf3 {[%clk 01:07:59]} {[%emt
00:00:40]} 19. Bxf3 {[%clk 00:45:14]} {[%emt 00:04:14]} Nd2 {[%clk 01:08:12]}
{[%emt 00:00:17]} 20. Qc2 {[%clk 00:42:24]} {[%emt 00:03:19]} Nxf1 {[%clk
01:08:23]} {[%emt 00:00:19]} 21. Rxf1 {[%clk 00:42:28]} {[%emt 00:00:27]} Re6
{[%clk 01:08:16]} {[%emt 00:00:37]} 22. Bg4 {[%clk 00:39:25]} {[%emt 00:03:32]}
Rh6 {[%clk 01:06:47]} {[%emt 00:02:00]} 23. g3 {[%clk 00:37:56]} {[%emt
00:02:00]} Qc6 {[%clk 01:05:41]} {[%emt 00:01:36]} 24. Bf5 {[%clk 00:34:41]}
{[%emt 00:03:44]} Re8 {[%clk 01:03:08]} {[%emt 00:03:03]} 25. Rd1 {[%clk
00:33:16]} {[%emt 00:01:55]} Qf3 {[%clk 00:52:33]} {[%emt 00:11:05]} 26. Be4
{[%clk 00:25:15]} {[%emt 00:08:31]} Qh5 {[%clk 00:48:47]} {[%emt 00:04:16]} 27.
h4 {[%clk 00:23:37]} {[%emt 00:02:08]} g5 {[%clk 00:44:12]} {[%emt 00:05:05]}
28. Qa4 {[%clk 00:20:05]} {[%emt 00:04:01]} Qxd1+ {[%clk 00:41:45]} {[%emt
00:02:58]} 29. Qxd1 {[%clk 00:20:26]} {[%emt 00:00:10]} Rxe4 {[%clk 00:42:10]}
{[%emt 00:00:04]} 30. Qd8+ {[%clk 00:20:00]} {[%emt 00:00:56]} Kg7 {[%clk
00:42:19]} {[%emt 00:00:21]} 31. Qxg5+ {[%clk 00:20:08]} {[%emt 00:00:22]} Rg6
{[%clk 00:42:40]} {[%emt 00:00:08]} 32. Qxc5 {[%clk 00:19:02]} {[%emt
00:01:36]} b6 {[%clk 00:40:31]} {[%emt 00:02:40]} 33. Qc3+ {[%clk 00:18:12]}
{[%emt 00:01:19]} Kh6 {[%clk 00:39:41]} {[%emt 00:01:20]} 34. Qd3 {[%clk
00:16:15]} {[%emt 00:02:27]} Rxh4 {[%clk 00:35:55]} {[%emt 00:04:16]} 35. Kf1
{[%clk 00:13:26]} {[%emt 00:03:20]} Rh5 {[%clk 00:30:56]} {[%emt 00:05:29]} 36.
e4 {[%clk 00:11:32]} {[%emt 00:02:23]} Rhg5 {[%clk 00:24:57]} {[%emt 00:06:29]}
37. Kg2 {[%clk 00:09:06]} {[%emt 00:02:56]} Rf6 {[%clk 00:16:28]} {[%emt
00:08:58]} 38. Qd8 {[%clk 00:06:51]} {[%emt 00:02:46]} Rgg6 {[%clk 00:11:58]}
{[%emt 00:05:00]} 39. Qd2+ {[%clk 00:05:14]} {[%emt 00:02:06]} Kg7 {[%clk
00:12:04]} {[%emt 00:00:24]} 40. f4 {[%clk 00:03:56]} {[%emt 00:01:49]} Rd6
{[%clk 00:10:46]} {[%emt 00:01:49]} 41. Qc3+ {[%clk 00:03:55]} {[%emt
00:00:30]} Kh6 {[%clk 00:10:30]} {[%emt 00:00:46]} 42. f5 {[%clk 00:02:08]}
{[%emt 00:02:17]} Rg5 {[%clk 00:08:12]} {[%emt 00:02:48]} 43. e5 {[%clk
00:01:19]} {[%emt 00:01:20]} Rd5 {[%clk 00:05:58]} {[%emt 00:02:44]} 44. Qc6+
{[%clk 00:01:19]} {[%emt 00:00:30]} Kh5 {[%clk 00:05:30]} {[%emt 00:00:58]} 45.
Qxd5 {[%clk 00:01:35]} {[%emt 00:00:15]} Rxf5 {[%clk 00:05:32]} {[%emt
00:00:27]} 46. Qd1+ {[%clk 00:01:19]} {[%emt 00:00:44]} Kg6 {[%clk 00:05:46]}
{[%emt 00:00:17]} 47. Qg4+ {[%clk 00:01:32]} {[%emt 00:00:18]} Rg5 {[%clk
00:05:12]} {[%emt 00:00:16]} 1/2-1/2

[Event "ODJM C 2024"]
[Site "Willingen GER"]
[Date "2024.05.19"]
[Round "1"]
[White "Trenkelbach, Silas"]
[Black "Muhl, Jakob"]
[Result "0-1"]
[Termination "normal"]
[Board "15"]
[WhiteElo "1265"]
[BlackElo "1043"]
[WhiteClock "00:30:45"]
[BlackClock "01:00:33"]
[PlyCount "146"]
[WhiteFideId "34621237"]
[BlackFideId "34635181"]
[EventCountry "GER"]
[EventRounds "9"]
[EventType "swiss"]
[EventDate "2024.05.18"]

1. e4 {[%clk 01:30:59]} e5 {[%clk 01:30:58]} {[%emt 00:00:02]} 2. Nf3 {[%clk
01:31:23]} {[%emt 00:00:06]} Nc6 {[%clk 01:31:22]} {[%emt 00:00:06]} 3. Bc4
{[%clk 01:31:48]} {[%emt 00:00:05]} Nf6 {[%clk 01:31:36]} {[%emt 00:00:16]} 4.
Nc3 {[%clk 01:32:11]} {[%emt 00:00:08]} Bc5 {[%clk 01:31:36]} {[%emt 00:00:30]}
5. d3 {[%clk 01:32:25]} {[%emt 00:00:17]} h6 {[%clk 01:31:28]} {[%emt
00:00:37]} 6. h3 {[%clk 01:32:03]} {[%emt 00:00:53]} O-O {[%clk 01:31:39]}
{[%emt 00:00:19]} 7. O-O {[%clk 01:32:18]} {[%emt 00:00:15]} d6 {[%clk
01:31:57]} {[%emt 00:00:12]} 8. Be3 {[%clk 01:32:23]} {[%emt 00:00:25]} Nd4
{[%clk 01:30:21]} {[%emt 00:02:03]} 9. Bxd4 {[%clk 01:25:46]} {[%emt 00:07:08]}
Bxd4 {[%clk 01:30:35]} {[%emt 00:00:17]} 10. Nxd4 {[%clk 01:26:01]} {[%emt
00:00:15]} exd4 {[%clk 01:30:49]} {[%emt 00:00:16]} 11. Ne2 {[%clk 01:26:09]}
{[%emt 00:00:23]} c5 {[%clk 01:29:44]} {[%emt 00:01:35]} 12. Nf4 {[%clk
01:23:01]} {[%emt 00:03:38]} Re8 {[%clk 01:27:48]} {[%emt 00:02:26]} 13. Re1
{[%clk 01:22:18]} {[%emt 00:01:13]} Bd7 {[%clk 01:27:55]} {[%emt 00:00:22]} 14.
Qd2 {[%clk 01:17:50]} {[%emt 00:04:58]} Bc6 {[%clk 01:21:24]} {[%emt 00:07:01]}
15. Bb3 {[%clk 01:12:32]} {[%emt 00:05:49]} Qd7 {[%clk 01:15:29]} {[%emt
00:06:21]} 16. Qd1 {[%clk 01:05:31]} {[%emt 00:07:34]} d5 {[%clk 01:13:43]}
{[%emt 00:02:15]} 17. exd5 {[%clk 00:58:32]} {[%emt 00:07:30]} Nxd5 {[%clk
01:13:38]} {[%emt 00:00:35]} 18. Bxd5 {[%clk 00:58:20]} {[%emt 00:00:42]} Bxd5
{[%clk 01:13:46]} {[%emt 00:00:22]} 19. Nxd5 {[%clk 00:57:50]} {[%emt
00:01:00]} Qxd5 {[%clk 01:14:04]} {[%emt 00:00:12]} 20. Rxe8+ {[%clk 00:56:35]}
{[%emt 00:01:45]} Rxe8 {[%clk 01:14:23]} {[%emt 00:00:10]} 21. c4 {[%clk
00:56:43]} {[%emt 00:00:23]} Qg5 {[%clk 01:14:18]} {[%emt 00:00:33]} 22. Qc2
{[%clk 00:48:28]} {[%emt 00:08:45]} Re6 {[%clk 01:13:20]} {[%emt 00:01:31]} 23.
Rd1 {[%clk 00:46:13]} {[%emt 00:02:32]} Rg6 {[%clk 01:12:30]} {[%emt 00:01:29]}
24. f3 {[%clk 00:45:45]} {[%emt 00:01:01]} Qe3+ {[%clk 01:11:24]} {[%emt
00:01:34]} 25. Qf2 {[%clk 00:45:33]} {[%emt 00:00:43]} Re6 {[%clk 01:10:26]}
{[%emt 00:01:28]} 26. Kf1 {[%clk 00:43:24]} {[%emt 00:02:29]} Qxf2+ {[%clk
01:09:23]} {[%emt 00:01:44]} 27. Kxf2 {[%clk 00:43:41]} {[%emt 00:00:13]} Kh7
{[%clk 01:09:31]} {[%emt 00:00:21]} 28. Re1 {[%clk 00:39:34]} {[%emt 00:04:38]}
Rxe1 {[%clk 01:08:53]} {[%emt 00:01:07]} 29. Kxe1 {[%clk 00:39:51]} {[%emt
00:00:13]} Kg6 {[%clk 01:09:09]} {[%emt 00:00:15]} 30. g3 {[%clk 00:39:51]}
{[%emt 00:00:30]} Kf5 {[%clk 01:09:01]} {[%emt 00:00:37]} 31. Kf2 {[%clk
00:39:54]} {[%emt 00:00:28]} g5 {[%clk 01:08:42]} {[%emt 00:00:44]} 32. Kg2
{[%clk 00:38:33]} {[%emt 00:01:56]} h5 {[%clk 01:08:25]} {[%emt 00:00:46]} 33.
Kf2 {[%clk 00:38:43]} {[%emt 00:00:22]} g4 {[%clk 01:07:48]} {[%emt 00:01:07]}
34. Kg2 {[%clk 00:35:22]} {[%emt 00:03:50]} Kg5 {[%clk 01:07:12]} {[%emt
00:00:56]} 35. a3 {[%clk 00:33:07]} {[%emt 00:02:57]} a6 {[%clk 01:06:47]}
{[%emt 00:00:54]} 36. h4+ {[%clk 00:31:28]} {[%emt 00:02:09]} Kf5 {[%clk
01:06:55]} {[%emt 00:00:20]} 37. Kf2 {[%clk 00:31:17]} {[%emt 00:00:44]} b5
{[%clk 01:04:26]} {[%emt 00:02:58]} 38. b3 {[%clk 00:27:27]} {[%emt 00:04:21]}
bxc4 {[%clk 01:02:38]} {[%emt 00:02:17]} 39. bxc4 {[%clk 00:27:10]} {[%emt
00:00:48]} a5 {[%clk 01:01:43]} {[%emt 00:01:23]} 40. a4 {[%clk 00:27:27]}
{[%emt 00:00:16]} gxf3 {[%clk 01:01:36]} {[%emt 00:00:37]} 41. Kxf3 {[%clk
00:27:49]} {[%emt 00:00:08]} f6 {[%clk 01:01:46]} {[%emt 00:00:19]} 42. Kf2
{[%clk 00:27:10]} {[%emt 00:01:08]} Kg4 {[%clk 01:01:55]} {[%emt 00:00:21]} 43.
Kg2 {[%clk 00:27:31]} {[%emt 00:00:11]} f5 {[%clk 01:02:09]} {[%emt 00:00:15]}
44. Kf2 {[%clk 00:27:40]} {[%emt 00:00:22]} f4 {[%clk 01:02:07]} {[%emt
00:00:31]} 45. gxf4 {[%clk 00:26:33]} {[%emt 00:01:37]} Kxf4 {[%clk 01:02:24]}
{[%emt 00:00:13]} 46. Ke2 {[%clk 00:26:01]} {[%emt 00:01:02]} Kg4 {[%clk
01:02:28]} {[%emt 00:00:25]} 47. Kf2 {[%clk 00:26:18]} {[%emt 00:00:14]} Kxh4
{[%clk 01:02:29]} {[%emt 00:00:28]} 48. Kg2 {[%clk 00:26:25]} {[%emt 00:00:24]}
Kg4 {[%clk 01:02:39]} {[%emt 00:00:19]} 49. Kf2 {[%clk 00:26:16]} {[%emt
00:00:38]} h4 {[%clk 01:01:41]} {[%emt 00:01:30]} 50. Kg2 {[%clk 00:26:32]}
{[%emt 00:00:15]} h3+ {[%clk 01:01:10]} {[%emt 00:01:00]} 51. Kf2 {[%clk
00:26:44]} {[%emt 00:00:19]} h2 {[%clk 01:01:16]} {[%emt 00:00:23]} 52. Kg2
{[%clk 00:27:09]} {[%emt 00:00:05]} h1=Q+ {[%emt 00:00:19]} 53. Kxh1 {[%emt
00:00:07]} Kf3 {[%clk 01:01:08]} {[%emt 00:00:12]} 54. Kg1 {[%clk 00:27:33]}
{[%emt 00:00:06]} Ke3 {[%clk 01:01:29]} {[%emt 00:00:07]} 55. Kf1 {[%clk
00:27:54]} {[%emt 00:00:10]} Kxd3 {[%clk 01:01:54]} {[%emt 00:00:05]} 56. Ke1
{[%clk 00:28:05]} {[%emt 00:00:20]} Kxc4 {[%clk 01:02:03]} {[%emt 00:00:20]}
57. Kd2 {[%clk 00:28:24]} {[%emt 00:00:12]} Kb4 {[%clk 01:01:35]} {[%emt
00:00:58]} 58. Kc2 {[%clk 00:28:42]} {[%emt 00:00:12]} c4 {[%clk 01:01:19]}
{[%emt 00:00:47]} 59. Kb2 {[%clk 00:28:11]} {[%emt 00:01:01]} c3+ {[%clk
01:01:20]} {[%emt 00:00:29]} 60. Kb1 {[%clk 00:28:28]} {[%emt 00:00:12]} Kb3
{[%clk 01:01:01]} {[%emt 00:00:49]} 61. Kc1 {[%clk 00:28:49]} {[%emt 00:00:10]}
c2 {[%clk 00:58:20]} {[%emt 00:03:11]} 62. Kd2 {[%clk 00:28:37]} {[%emt
00:00:43]} Kb2 {[%clk 00:58:24]} {[%emt 00:00:25]} 63. Kd3 {[%clk 00:29:00]}
{[%emt 00:00:08]} c1=Q {[%clk 00:58:40]} {[%emt 00:00:14]} 64. Kxd4 {[%clk
00:29:22]} {[%emt 00:00:08]} Qc3+ {[%clk 00:58:52]} {[%emt 00:00:16]} 65. Kd5
{[%clk 00:29:43]} {[%emt 00:00:11]} Qe3 {[%clk 00:58:50]} {[%emt 00:00:30]} 66.
Kc6 {[%clk 00:29:50]} {[%emt 00:00:26]} Qd4 {[%clk 00:59:00]} {[%emt 00:00:19]}
67. Kb7 {[%clk 00:29:44]} {[%emt 00:00:37]} Qc5 {[%clk 00:59:07]} {[%emt
00:00:22]} 68. Ka8 {[%clk 00:29:51]} {[%emt 00:00:24]} Kb3 {[%clk 00:59:23]}
{[%emt 00:00:10]} 69. Kb7 {[%clk 00:30:01]} {[%emt 00:00:24]} Kxa4 {[%clk
00:59:41]} {[%emt 00:00:11]} 70. Kb8 {[%clk 00:29:57]} {[%emt 00:00:35]} Qe7
{[%clk 00:59:47]} {[%emt 00:00:21]} 71. Kc8 {[%clk 00:30:09]} {[%emt 00:00:20]}
Kb5 {[%clk 01:00:02]} {[%emt 00:00:15]} 72. Kb8 {[%clk 00:30:24]} {[%emt
00:00:15]} Kb6 {[%clk 01:00:16]} {[%emt 00:00:15]} 73. Kc8 {[%clk 00:30:45]}
{[%emt 00:00:10]} Qc7# {[%clk 01:00:33]} {[%emt 00:00:11]} 0-1